Loading...
A History of early Vedantha Philosophy
| Main Author: | |
|---|---|
| Format: | Printed Book |
| Language: | English |
| Published: |
Motilal Banarasidas, Delhi
Motilal Banarasidas, Delhi
1983
|
| LEADER | 00501nam a2200121Ia 4500 | ||
|---|---|---|---|
| 008 | 111205s9999 xx 000 0 eng d | ||
| 100 | |a Nakamura ,Hajime | ||
| 245 | |a A History of early Vedantha Philosophy |c Nakamura ,Hajime | ||
| 260 | |b Motilal Banarasidas, Delhi |a Motilal Banarasidas, Delhi |c 1983 | ||
| 300 | |a 566 | ||
| 942 | |c BK | ||
| 999 | |c 215968 |d 215968 | ||
| 952 | |0 0 |1 0 |2 ddc |4 0 |6 E_181_480000000000000_NAK_H |7 0 |9 238763 |a MAL |b MAL |c ST1 |d 1995-01-17 |g 150.00 |l 0 |o E 181.48 NAK/H |p MAL19256 |r 2011-12-05 |v 150.00 |w 2011-12-05 |y BK | ||